000
00270nam a2200109Ia 4500
008
200302s9999 xx 000 0 und d
100
_a
Ezra Stoller and other
245
_a
The United Nations
260
_b
Princeton Architectural Press
260
_c
1999
300
_a
95 P.,
999
_c
4166
_d
4166